000 00649nam a2200217Ia 4500
003 GCL
008 140319s9999 xx 000 0 ara d
040 _aGCL /
_cGCL
082 0 4 _a814.008
_bس م
100 1 _aسعدالدين وهبة
245 1 0 _aمن مفكرة سعد الدين وهبة /
_cسعدالدين وهبة
260 _a[S.N] :
_bالفجر للنشر والتوزيع ،
_c1994
300 _aمتعدد
490 _a
650 0 4 _aالادب العربى
650 0 4 _aالمقالات العربية
650 0 4 _aالمقالات
650 0 4 _aتاريخ ونقد
650 0 4 _aالمجموعات
942 _2ddc
_cBK
999 _c28128
_d28128